A textbook of personal computer software / (Record no. 62033)

MARC details
000 -LEADER
fixed length control field 00507nam a22001577a 4500
005 - DATE AND TIME OF LATEST TRANSACTION
control field 20180827135134.0
008 - FIXED-LENGTH DATA ELEMENTS--GENERAL INFORMATION
fixed length control field 120206t xxu||||| |||| 00| 0 eng d
020 ## - INTERNATIONAL STANDARD BOOK NUMBER
International Standard Book Number 8178880148
Terms of availability 00.00
035 ## - SYSTEM CONTROL NUMBER
System control number B-059056, B-059062
040 ## - CATALOGING SOURCE
Original cataloging agency DPL
Language of cataloging ENG
100 ## - MAIN ENTRY--PERSONAL NAME
Personal name Das, Swarup K.
9 (RLIN) 40913
245 ## - TITLE STATEMENT
Title A textbook of personal computer software /
Statement of responsibility, etc by Swarup K. Das
260 ## - PUBLICATION, DISTRIBUTION, ETC. (IMPRINT)
Place of publication, distribution, etc New Delhi
Name of publisher, distributor, etc Dominant Publishers and Distributors
Date of publication, distribution, etc 2001
300 ## - PHYSICAL DESCRIPTION
Extent v, 298p.
Dimensions 18 cms.
942 ## - ADDED ENTRY ELEMENTS (KOHA)
Source of classification or shelving scheme Dewey Decimal Classification
Item type English Books
Classification part 005.3
Call number suffix DAS
Holdings
Withdrawn status Lost status Source of classification or shelving scheme Damaged status Not for loan Collection code Home library Current library Shelving location Date acquired Cost, normal purchase price Total Checkouts Full call number Barcode Date last seen Cost, replacement price Koha item type Source of acquisition
    Dewey Decimal Classification     Non-fiction Sarojini Nagar Sarojini Nagar General Stacks 06/02/2012 0.00   005.3 DAS B-059056 06/02/2012 0.00 English Books  
    Dewey Decimal Classification     Non-fiction Sarojini Nagar Sarojini Nagar   08/02/2019     005.3 DAS B-059066 08/02/2019   English Books  
    Dewey Decimal Classification     Non-fiction Shahdara Branch Shahdara Branch   27/08/2018 0.00   005.3 DAS B-059062 27/08/2018 0.00 English Books BPPD/PUB

© Delhi Public Library
Hit Counter
free hit counter